Central Library OPAC University of Rajshahi

Caste and class in India / (Record no. 35245)

MARC details
000 -LEADER
fixed length control field 00920nam a2200277 a 4500
001 - CONTROL NUMBER
control field 35245
003 - CONTROL NUMBER IDENTIFIER
rucl marc code BD-RjUL
005 - DATE AND TIME OF LATEST TRANSACTION
control field 20211209052302.0
008 - FIXED-LENGTH DATA ELEMENTS--GENERAL INFORMATION
fixed length control field 140522s1957 ii b 001 0 eng d
035 ## - SYSTEM CONTROL NUMBER
System control number (BD-RjUL)35339
040 ## - CATALOGING SOURCE
Original cataloging agency ERE
Transcribing agency ERE
Modifying agency m/c
-- EQO
-- BD-RjUL
Language of cataloging eng
041 ## - LANGUAGE CODE
Language code of text/sound track or separate title eng
082 00 - DEWEY DECIMAL CLASSIFICATION NUMBER
Author mark and year GHC 1957
Classification number 305.5122054
090 ## - LOCALLY ASSIGNED LC-TYPE CALL NUMBER (OCLC); LOCAL CALL NUMBER (OCLC)
Classification number (OCLC) (R) ; Classification number, CALL (RLIN) (NR) DS422.C3
Local cutter number (OCLC) ; Book number/undivided call number, CALL (RLIN) G5 1957
100 1# - MAIN ENTRY--PERSONAL NAME
Personal name Ghurye, G. S.
Fuller form of name (Govind Sadashiv),
Dates associated with a name 1893-1983
9 (RLIN) 95867
245 10 - TITLE STATEMENT
Title Caste and class in India /
Statement of responsibility, etc. G.S. Ghurye.
250 ## - EDITION STATEMENT
Edition statement 2nd ed.
260 ## - PUBLICATION, DISTRIBUTION, ETC. (IMPRINT)
Place of publication, distribution, etc. Bombay :
Name of publisher, distributor, etc. Popular Book Depot,
Date of publication, distribution, etc. 1957.
300 ## - PHYSICAL DESCRIPTION
Pagination xi, 316 p. ;
Size 23 cm.
500 ## - GENERAL NOTE
General note "First published as: Caste and race in India, in 1932; Caste and class in India first published 1950"--t.p. verso.
General note Bibliography: p. [297]-302 - Includes index.
650 #0 - SUBJECT ADDED ENTRY--TOPICAL TERM
Topical term or geographic name as entry element Caste
Geographic subdivision India
9 (RLIN) 107387
Topical term or geographic name as entry element Ethnology
Geographic subdivision India
9 (RLIN) 107388
942 ## - ADDED ENTRY ELEMENTS (KOHA)
Source of classification or shelving scheme Dewey Decimal Classification
Koha item type Books
Holdings
Lost status Source of classification or shelving scheme Damaged status Not for loan Collection code Permanent Location Current Location Shelving location Date acquired Source of acquisition Cost, normal purchase price Total Checkouts Full call number Date last seen Copy number Koha item type
  Dewey Decimal Classification   Not For Loan Non-fiction Central Library, University of Rajshahi Central Library, University of Rajshahi Reading Room 19/11/1962 Black well 1.00   305.5122054 GHC 1957 22/05/2014 C-1 Books